[Event "Sousse BICA op 1st"]
[Site "Sousse"]
[Date "2021.12.25"]
[Round "3"]
[White "Alfaitori, Abdallah"]
[Black "Elbarag, Sagi Bashir"]
[Result "1-0"]
[WhiteElo "1969"]
[BlackElo "1506"]
[PlyCount "63"]
[EventDate "2021.12.24"]
[EventType "swiss"]
[EventRounds "9"]
[EventCountry "TUN"]
[SourceTitle "CBM 205 Extra"]
[Source "ChessBase"]
[SourceDate "2022.01.31"]
[SourceVersion "1"]
[SourceVersionDate "2022.01.31"]
[SourceQuality "1"]

1. c4 c6 2. d4 d5 3. Nc3 Nf6 4. Nf3 e6 5. Bg5 Be7 6. e3 0-0 7. Bd3 Nbd7 8. h3 b6 9. 0-0 Bb7 10. Bf4 dxc4 11. Bxc4 c5 12. Rc1 a6 13. a4 Rc8 14. d5 exd5 15. Nxd5 Nxd5 16. Bxd5 Bxd5 17. Qxd5 Nf6 18. Qb7 a5 19. Rfd1 Qe8 20. b3 Rd8 21. Qxb6 Nd5 22. Qxa5 Nxf4 23. exf4 Rb8 24. Ne5 Rxb3 25. Qc7 Bd8 26. Qxc5 Bb6 27. Qc2 Qe6 28. Nd7 Re8 29. Re1 Qxd7 30. Qxb3 Rxe1+ 31. Rxe1 Bc7 32. Qb7 1-0